Music Quiz

Random Music or Singers Quiz
Score 0/60 Timer 06:00
0 Plays Today
% Correct
Dave Matthews Band
92.9%
Dave Matthews Band
92.9%
Dave Matthews Band
92.9%
Salt 'n Pepa
92.1%
Salt 'n Pepa
92.1%
Salt 'n Pepa
92.1%
Steve Miller Band
90.1%
Steve Miller Band
90.1%
Steve Miller Band
90.1%
The Doobie Brothers
89.4%
The Doobie Brothers
89.4%
The Doobie Brothers
89.4%
Alien Ant Farm
84.1%
Alien Ant Farm
84.1%
Alien Ant Farm
84.1%
Bachman Turner Overdrive
82.4%
Bachman Turner Overdrive
82.4%
Bachman Turner Overdrive
82.4%
Alan Parsons Project
81.4%
Alan Parsons Project
81.4%
Alan Parsons Project
81.4%
House of Pain
80%
House of Pain
80%
House of Pain
80%
Grand Funk Railroad
78.6%
Grand Funk Railroad
78.6%
Grand Funk Railroad
78.6%
Ben Folds Five
75.7%
Ben Folds Five
75.7%
Ben Folds Five
75.7%
% Correct
Dead Or Alive
74.1%
Dead Or Alive
74.1%
Dead Or Alive
74.1%
Three Days Grace
73.5%
Three Days Grace
73.5%
Three Days Grace
73.5%
Soggy Bottom Boys
73.1%
Soggy Bottom Boys
73.1%
Soggy Bottom Boys
73.1%
Sugar Hill Gang
72.9%
Sugar Hill Gang
72.9%
Sugar Hill Gang
72.9%
Oak Ridge Boys
71.7%
Oak Ridge Boys
71.7%
Oak Ridge Boys
71.7%
Deep Blue Something
70.8%
Deep Blue Something
70.8%
Deep Blue Something
70.8%
Soul II Soul
68.4%
Soul II Soul
68.4%
Soul II Soul
68.4%
2 Live Crew
66.6%
2 Live Crew
66.6%
2 Live Crew
66.6%
Kid 'n Play
63.1%
Kid 'n Play
63.1%
Kid 'n Play
63.1%
Art of Noise
62.3%
Art of Noise
62.3%
Art of Noise
62.3%
Remove Ads.
Support Sporcle.
Get the best of Sporcle when you Go Orange. This ad-free experience offers more features, more stats, and more fun while also helping to support Sporcle. Thank you for becoming a member.

You're not logged in!

Compare scores with friends on all Sporcle quizzes.
OR
Log In

Show Comments

Extras

Top Quizzes Today


Score Distribution

Your Account Isn't Verified!

In order to create a playlist on Sporcle, you need to verify the email address you used during registration. Go to your Sporcle Settings to finish the process.

Report this User

Report this user for behavior that violates our Community Guidelines.

Details: